Bramkarze reprezentacji Brazylii w XXI wieku - Statystyki

Ogólne statystyki
  • Ten quiz został rozwiązany 194 razy
    32 od ostatniego zresetowania
  • Średni wynik to 5 z 21
Statystyki odpowiedzi
Lata gry # Nazwisko % Poprawnych
2015- 72 Alisson
100%
2017- 29 Ederson
100%
1995-2006 91 Dida
93%
2004-2014 87 Júlio César
83%
2018 1 Neto
34%
2024- 4 Bento
24%
2003-2010 11 Heurelho Gomes
21%
1997-2006 16 Rogério Ceni
21%
1999-2005 29 Marcos
17%
2006-2007 3 Helton
10%
2017-2023 10 Wéverton
10%
2007-2008 10 Doni
7%
2011-2017 10 Diego Alves
3%
2012 1 Gabriel
3%
2011-2015 22 Jefferson
3%
2015 2 Marcelo Grohe
3%
2012 3 Rafael
3%
2017 1 Cássio
0%
2012-2013 3 Diego Cavalieri
0%
2004 1 Fernando Henrique
0%
2010-2013 6 Victor
0%
Nie znaleziono quizów pasujących do podanych kryteriów
Rozkład punktacji
Procent ludzi z każdym wynikiem
Percentyl według liczby udzielonych odpowiedzi
Twoja historia wyników
Nie rozwiązałeś tego quizu od ostatniego zresetowania